Gaming Quiz

Random Gaming Quiz

'Guess Who' Characters Quiz Stats

 Plays Quiz not verified by Sporcle

Challenge
Share
Tweet
Embed
Score 0/24 Timer 04:00
0 Plays Today
Character % Correct
Alex
62.5%
Ashley
54.2%
Jon
54.2%
Andy
50%
Joseph
50%
Justin
50%
Sarah
50%
William
50%
Daniel
45.8%
David
45.8%
Emily
45.8%
James
45.8%
Character % Correct
Kyle
45.8%
Matt
45.8%
Megan
45.8%
Chris
41.7%
Nick
41.7%
Rachael
41.7%
Tyler
41.7%
Zachary
41.7%
Connor
37.5%
Brandon
33.3%
Jake
33.3%
Joshua
33.3%

You're not logged in!

Compare scores with friends on all Sporcle quizzes.
Join for Free
OR
Log In

You Might Also Like...

Show Comments

Extras

Created Aug 17, 2010ReportFavoriteNominate

Top Quizzes Today


Score Distribution

Your Account Isn't Verified!

In order to create a playlist on Sporcle, you need to verify the email address you used during registration. Go to your Sporcle Settings to finish the process.

Report this User

Report this user for behavior that violates our Community Guidelines.

Details: